Ricostruisci la Carriera del Calciatore - Serge Gnabry - Statistics

Statistiche generali
  • Questo quiz è stato fatto 5 volte
  • Il punteggio medio è 2 su 5
Statistiche sulle risposte
Hint Risposta % Corretto
2018- Bayern Monaco
100%
2017-2018 Hoffenheim
67%
2012-2015 Arsenal
33%
2015-2016 West Bromwich
33%
2016-2017 Werder Brema
0%
Nessun quiz corrispondente trovato
Distribuzione punteggi
Percentuale di utenti per punteggio
Percentile per numero di risposta
I tuoi punteggi nel tempo
Non hai fatto questo quiz